000 01510cam a22003251i 4500
003 SA-RiAUC
005 20260317113454.0
008 250102s2001 ||| g 00000 ara c
040 _aSA-JeALM
_bara
_cSA-RiAUC
_erda
082 0 4 _a252.29
090 _aم ن 252.29
_bم ق ر
100 1 _aالمقريزي، أحمد بن علي بن عبد القادر،
_d766-845 هجري
_eمؤلف.
245 1 0 _aمختصر قيام الليل وقيام رمضان وكتاب الوتر لأبي عبد الله محمد بن نصر المروزي /
_cاختصرها أحمد بن علي المقريزي.
264 1 _aلاهور، باكستان :
_bمطبعة رفاة
_c[1902]
300 _a17، 123 صفحة ؛
_c29 سم
336 _aنص
_btxt
_2rdacontent
_3كتاب
337 _aبدون وسيط
_bn
_2rdamedia
338 _aمجلد
_bnc
_2rdacarrier
650 7 _aصلاة التهجد (فقه إسلامي)
_2aucsh
650 7 _aصلاة التراويح
_2aucsh
650 7 _aصلاة الوتر
_2aucsh
700 1 2 _aالمروزي، محمد بن نصر المروزي،
_d202-294 هجري
700 1 2 _aالمروزي، محمد بن نصر المروزي،
_d202-294 هجري
_tقيام رمضان.
700 1 2 _aالمروزي، محمد بن نصر المروزي،
_d202-294 هجري.
_tصلاة الوتر.
740 0 2 _aقيام الليل.
740 0 2 _aقيام رمضان.
740 0 2 _aصلاة الوتر.
942 _2ddc
_cRBOOK COPY
_n0
949 _aSA-JeALM
_d250102
_uosman123
_n1
999 _c14652
_d14652